000
00258nam a2200109Ia 4500
008
230907s9999||||xx |||||||||||||| ||und||
082
_a
346.04679,HEF
100
_a
Heffron,Raphael J.
_9
115092
245
0
_a
Energy law :
300
_a
xiii,72p.:
942
_c
BK
999
_c
597533
_d
597533